| 000 | 00628nam a22001577a 4500 | ||
|---|---|---|---|
| 008 | 230502b |||||||| |||| 00| 0 eng d | ||
| 020 | _a0643001218 | ||
| 040 |
_aNational Science Library _cNational Science Library |
||
| 080 |
_a536.081 _bL5 |
||
| 100 |
_aBeavis, M _98150 |
||
| 245 | _aMelting point of ice as a reference temperature for mercury-in-glass thermometers, thermocouples and platinum resistance thermometers | ||
| 260 |
_aAustralia: _bCommonwealth Scientific and Industrial Research Organization, _c1975 |
||
| 490 |
_aNational Measurement Laboratory technical paper _v2 |
||
| 650 | _aScience | ||
| 942 |
_2udc _cREP |
||
| 999 |
_c26337 _d26337 |
||